Genetics / (رقم التسجيلة. 32196)
[ عرض عادي ]
| 000 -الفاتح | |
|---|---|
| حقل البيانات ثابتة الطول | 01076cam a22003498a 4500 |
| 001 - رقم الضبط | |
| رقم الضبط | 17231136 |
| 003 - محدد رقم الضبط | |
| رقم الضبط | OSt |
| 005 - وقت وتاريخ اخر تعامل مع التسجيلة | |
| رقم الضبط | 20150408114153.0 |
| 008 - عناصر البيانات ثابتة الطول - معلومات عامة | |
| حقل البيانات ثابتة الطول | 120328s2013 nyu b 001 0 eng |
| 010 ## - رقم ضبط مكتبة الكونجرس | |
| رقم ضبط مكتبة الكونجرس | 2012013036 |
| 020 ## - الرقم الدولى المعيارى للكتب | |
| الرقم الدولى المعيارى للكتاب | 9780415693141 |
| 035 ## - رقم ضبط النظام | |
| رقم ضبط النظام | (DNLM)101581149 |
| 040 ## - مصدر الفهرسة | |
| وكالة الفهرسة الأصلية | DNLM/DLC |
| وكالة النسخ | DLC |
| 042 ## - رمز التحقق | |
| رمز التحقق | pcc |
| 060 10 - رقم الطلب بالمكتبة الطبية الوطنية | |
| رقم التصنيف | QU 18.2 |
| 082 00 - رقم تصنيف ديوى العشرى | |
| رقم التصنيف | 576.5 |
| رقم الطبعة | 23 |
| رقم المادة | FHG |
| 100 1# - المدخل الرئيسى - إسم شخصى | |
| الإسم الشخصى | Fletcher, H. L. |
| الشكل الأكمل للاسم | (Hugh L.) |
| 9 (RLIN) | 40122 |
| 245 10 - بيان العنوان | |
| العنوان | Genetics / |
| بيان المسئوليه,etc | Hugh Fletcher, Ivon Hickey. |
| 250 ## - بيان الطبعة | |
| بيان الطبعة | 4th ed. |
| 260 ## - PUBLICATION, DISTRIBUTION, ETC. (IMPRINT) | |
| مكان الناشر او الموزع | New York, NY : |
| اسم الناشر او الموزع | Garland Science, |
| تاريخ النشر أو التوزيع | c2013. |
| 263 ## - تاريخ النشر المتوقع | |
| تاريخ النشر المتوقع | 1204 |
| 300 ## - الوصف المادى | |
| التعداد | p. ; |
| أبعاد الوعاء | cm. |
| 490 1# - بيان السلسلة | |
| عنوان السلسلة | BIOS instant notes |
| 500 ## - تبصرة عامة | |
| تبصرة عامة | Rev. ed. of: Genetics / G.I. Hickey, H.L. Fletcher, and P. Winter. 3rd ed. 2007. |
| 504 ## - تبصرة ببليوجرافية | |
| تبصرة ببليوجرافية,الخ | Includes bibliographical references and index. |
| 650 12 - المدخل الاضافى بالموضوع-مصطلح موضوعى | |
| مصطلح موضوعي أو اسم جغرافي كعنصر مدخل | Genetics |
| التقسيم الفرعي الشكلي | Outlines. |
| 9 (RLIN) | 40123 |
| 700 1# - المدخل الاضافى - اسم شخصى | |
| الإسم الشخصى | Hickey, G. I. |
| الشكل الأكمل للاسم | (G. Ivor) |
| 9 (RLIN) | 40124 |
| 700 1# - المدخل الاضافى - اسم شخصى | |
| الإسم الشخصى | Hickey, G. I. |
| الشكل الأكمل للاسم | (G. Ivor). |
| عنوان العمل | Genetics. |
| 9 (RLIN) | 40125 |
| 830 #0 - المدخل الاضافى بالسلسلة -عنوان موحد | |
| عنوان موحد | BIOS instant notes. |
| 9 (RLIN) | 40126 |
| 906 ## - عنصر بيانات محلى F, LDF (RLIN) | |
| a | 7 |
| b | cbc |
| c | orignew |
| d | 1 |
| e | ecip |
| f | 20 |
| g | y-gencatlg |
| 942 ## - عناصر المدخل الإضافي( كوها) | |
| مصدر التصنيف او مخطط الترفيف | Dewey Decimal Classification |
| Koha [default] item type | DVD |
| حالة الفقد | نموذج السعر الفعال | حالة تلف | ليس للاعارة | رقم الطلب | تاريخ الاكتساب | الموقع الحالي | الفرع الرئيسي | Date last seen | نوع المادة فى نظام كوها | مصدر التصنيف او خطة الترفيف | Total Checkouts |
|---|---|---|---|---|---|---|---|---|---|---|---|
| 2013-11-16 | 576.5 FHG | 2013-11-16 | المكتبة المركزية بالمجمعة (CL) | المكتبة المركزية بالمجمعة (CL) | 2013-11-16 | كتاب | Dewey Decimal Classification |
